| 000 | 00545nam a22001457a 4500 | ||
|---|---|---|---|
| 020 | _a0-590-76254-0 | ||
| 082 |
_a823 _bAPP/A |
||
| 100 | _aAPPLEGATE, K A | ||
| 245 |
_aANIMORPHS _bTHE THREAT |
||
| 260 |
_aNEW YORK _bSCHOLASTIC INC _c1998 |
||
| 300 | _a157 | ||
| 520 | _a“The Threat” is a new Animorph named David. At first he's a valuable warrior. But as crucial battle plans unfold, the Animorphs realize they've made a terrible mistake. Plot: Part two of the David trilogy here I come! | ||
| 650 |
_aADVENTURE _zUNITED STATES |
||
| 942 | _cBK | ||
| 999 |
_c5946 _d5946 |
||